Movies Quiz

Random Movies or Clickable Quiz

Movie Series by Original Director Quiz Stats

 Plays Quiz Updated Mar 6, 2017

Support Sporcle.
Go Orange.
Score 0/32 Timer 08:00
0 Plays Today
% Correct
George Lucas
90.5%
Peter Jackson
87.5%
Francis Ford Coppola
86.1%
Steven Spielberg
84.9%
Michael Bay
80.2%
Ridley Scott
78.6%
James Cameron
76%
The Wachowskis
74.4%
Robert Zemeckis
72.8%
Wes Craven
70.1%
Sam Raimi
69.5%
George A. Romero
67.3%
Chris Columbus
67%
John Carpenter
65.2%
Sergio Leone
64.9%
Steven Soderbergh
62.3%
% Correct
Bryan Singer
61.5%
Gore Verbinski
51.5%
Catherine Hardwicke
50.8%
George Miller
49.8%
Blake Edwards
46.9%
Brian De Palma
44.9%
Brett Ratner
43.8%
Barry Sonnenfeld
43.8%
Richard Donner
43.1%
Don Siegel
40.6%
Tobe Hooper
40.5%
Jay Roach
37.3%
John G. Avildsen
35%
Doug Liman
32.6%
Oren Peli
29.8%
Stephen Sommers
26.5%

You're not logged in!

Compare scores with friends on all Sporcle quizzes.
OR
Log In
Forgot?

From the Vault

Country Leadership Flags

by CGMFan1

Try following these leaders.
Remove Ads.
Support Sporcle.
Get the best of Sporcle when you Go Orange. This ad-free experience offers more features, more stats, and more fun while also helping to support Sporcle. Thank you for becoming a member.

Show Comments

Extras

Top Quizzes Today


Score Distribution

Your Account Isn't Verified!

In order to create a playlist on Sporcle, you need to verify the email address you used during registration. Go to your Sporcle Settings to finish the process.

Report this User

Report this user for behavior that violates our Community Guidelines.

Details: